Daňové aspekty transformácie výsledku hospodárenia na základ dane z príjmov právnických osôb bakalárska práca

Guardado en:
Detalles Bibliográficos
Autor principal: Vašková, Alena
Autor Corporativo: Podnikovohospodárska fakulta EU so sídlom v Košiciach. Katedra finančného riadenia podniku
Otros Autores: Feranecová, Adela, 1986-
Formato: Libro
Lenguaje:eslovaco
Publicado: Košice 2017
Etiquetas: Agregar Etiqueta
Sin Etiquetas, Sea el primero en etiquetar este registro!

MARC

LEADER 00000nbm a2200000 4500
001 0231592
005 20171113103020.6
041 0 |a slo 
044 |a SK 
245 1 0 |a Daňové aspekty transformácie výsledku hospodárenia na základ dane z príjmov právnických osôb  |b bakalárska práca  |c Alena Vašková ; školiteľ: Adela Feranecová 
264 1 |a Košice  |c 2017 
300 |a 47 s. 
100 1 |a Vašková, Alena 
700 1 |a Feranecová, Adela, 1986- 
710 2 |a Podnikovohospodárska fakulta EU so sídlom v Košiciach. Katedra finančného riadenia podniku